Sports Quiz

Random Sports or Famous Quiz

Famous Winter Olympic Medalists II: Internat'l (slides) Quiz Stats

Quiz not verified by Sporcle

Challenge
Share
Tweet
Score 0/28 Timer 08:00
0 Plays Today
% Correct
Crosby
81.9%
Jágr
73%
Witt
69.8%
Alberto
60.7%
Oksana
58.1%
Elvis
53.5%
Dean
52.7%
Maier
51.7%
Sonja
46.8%
Plushenko
45.3%
Bjørn
42%
Bjørgen
39%
Killy
36.3%
Tretiak
34.9%
% Correct
Simon
31.1%
Ole
30.6%
Ingemar
30.2%
Kim
29.5%
Hayley
27.1%
Cindy
26.7%
Georg
26.1%
Alex
25.4%
Moir
25%
Aamodt
24.3%
Claudia
23.7%
Janica
23.2%
John
16.8%
Nancy
12.5%

You're not logged in!

Compare scores with friends on all Sporcle quizzes.
Sign Up with Email
OR
Log In

You Might Also Like...

Show Comments

Extras

Top Quizzes Today


Score Distribution

Your Account Isn't Verified!

In order to create a playlist on Sporcle, you need to verify the email address you used during registration. Go to your Sporcle Settings to finish the process.